| 000 | 00455pab a2200169 454500 | ||
|---|---|---|---|
| 008 | 180718b2008 xxu||||| |||| 00| 0 eng d | ||
| 100 | _aPushpanadham, K. | ||
| 245 | _aInstruction in higher education: A journey from traditional methods of virtual environments | ||
| 260 | _c2008 | ||
| 300 | _ap.1-6. | ||
| 362 | _a25 Feb | ||
| 650 | _aHigher education | ||
| 700 | _aKhirwadkar, Anjali | ||
| 773 | _aUniversity News | ||
| 908 | _aN | ||
| 909 | _a77377 | ||
| 999 |
_c77377 _d77377 |
||